Druhá "strašne ošemetná situácia" v Komárne Po trinástich rokoch rovnako aktuálna a príťažlivá

Bibliographic Details
Format: Article
Language:Slovak
Subjects:

MARC

LEADER 00000nab a2200000 a 4500
001 vtls000132410
003 SK-MaSNL
005 20260303204750.0
008 040806c1982 xo 0 slo
015 |a SNBRB19rr/mm-uuuuu 
035 |a CL0142516 
040 |a SNKBUCL  |b slo  |c SNKBUCL  |e AACR2 
041 0 |a slo 
044 |a xo  |c SK 
080 |a 792.2  |2 1981 
245 0 0 |a Druhá "strašne ošemetná situácia" v Komárne  |b Po trinástich rokoch rovnako aktuálna a príťažlivá  |c F-a 
300 |b Obr. 1. 
600 1 7 |a Solovič, Ján,  |d 1934-2022  |t S.O.S.  |2 snkbucl  |9 178188 
610 2 7 |a Maďarské oblastné divadlo - Magyar Területi Színház  |2 snkbucl  |9 97707 
650 0 7 |a divadelné inscenácie  |2 snkbucl  |9 3326 
655 7 |a recenzie  |2 snkbucl  |9 21907 
655 7 |a články z novín a časopisov  |2 snkbucl  |9 267496 
773 0 |t Hlas ľudu  |g Roč. 28, č. 295 (13. 12. 1982), s. 3 
850 |a Slovenská národná knižnica v Martine  |a MTA001 
852 |a SNK  |b KIS3GCP 
999 |c 2191663  |d 2193593